000 01152cam a22003497a 4500
001 001299
003 armpunfd
005 20140612090636.0
008 031117e0####xx#a##########000#0#und#d
040 _aarmpunfd
_carmpunfd
080 _a347.736 D444
245 1 0 _aDerecho concursal argentino e iberoamericano
260 _a Uenos Aires : Ad- Hoc
_b2003.
650 7 _a Acuerdo Preventivo Extrajudicial
_2LEMB
650 7 _a Categorizacion De Acreedores
_2LEMB
650 7 _a Cesacion De Pagos
_2LEMB
650 7 _a Concurso Preventivo
_2LEMB
650 7 _a Cramdown Power
_2LEMB
650 7 _a Extension De La Quiebra
_2LEMB
650 7 _a Facultades Homologatorias
_2LEMB
650 7 _a Ineficacia Concursal
_2LEMB
650 7 _a Novacion Concursal
_2LEMB
650 7 _a Prevencion De Insolvencia
_2LEMB
650 7 _a Prevencion De La Crisis
_2LEMB
650 7 _a Quiebra Fraudulenta
_2LEMB
650 7 _a Recomposicion Patrimonial
_2LEMB
650 7 _a Responsabilidad De Los Socios
_2LEMB
650 7 _a Salvataje
_2LEMB
942 _cLB
_2cdu
945 _aCatalis
_d2010-08-19
945 _aCatalis
_d2010-08-19
999 _c1290
_d231794